000
00300nam a2200121Ia 4500
008
190216s9999||||xx |||||||||||||| ||und||
100
_a
Muhammed Abul Jalal
245
0
_a
Islam Mathnusthanangal
260
_b
Islamic Publishing House
_c
1981
300
_a
4p
650
_a
Islamic History
942
_c
BK
999
_c
22080
_d
22080